Single cell Diagnostics (Record no. 17040)

000 -LEADER
fixed length control field 00327nam a22001217a 4500
008 - FIXED-LENGTH DATA ELEMENTS--GENERAL INFORMATION
fixed length control field 140319t xxu||||| |||| 00| 0 eng d
020 ## - INTERNATIONAL STANDARD BOOK NUMBER
International Standard Book Number 978-1-59745-298-4
100 ## - MAIN ENTRY--PERSONAL NAME
Personal name Alan Thornhill
9 (RLIN) 787
240 ## - UNIFORM TITLE
Uniform title Methods in molecular medicine
245 ## - TITLE STATEMENT
Title Single cell Diagnostics
Remainder of title methods and protocols
300 ## - PHYSICAL DESCRIPTION
Extent 182
942 ## - ADDED ENTRY ELEMENTS (KOHA)
Source of classification or shelving scheme
Koha item type Book
Holdings
Withdrawn status Lost status Source of classification or shelving scheme Damaged status Not for loan Collection code Permanent Location Current Location Date acquired Total Checkouts Full call number Barcode Date last seen Price effective from Koha item type
            Central Library (CL) Central Library (CL) 03/19/2014   572.8 THO ASAB603 05/27/2024 03/19/2014 Book
© 2023 Central Library, National University of Sciences and Technology. All Rights Reserved.